La vida y obra del Mariscal Andrés Santa Cruz : (Record no. 6476)

000 -CABECERA
fixed length control field 01203nam a22002177a 4500
003 - IDENTIFICADOR DEL NÚMERO DE CONTROL
control field AR-CdUCM
008 - DATOS DE LONGITUD FIJA--INFORMACIÓN GENERAL
fixed length control field 190318b ||||| |||| 00| 0 spa d
040 ## - FUENTE DE LA CATALOGACIÓN
Agencia/entidad que catalogó originalmente la obra MUNICIPALIDAD PROVINCIAL DEL CUSCO
Entidad que transcribió la catalogación BIBLIOTECA MUNICIPAL DEL CUSCO
082 ## - NÚMERO DE LA CLASIFICACIÓN DECIMAL DEWEY
No. de Clasificación 920 /
Notacion interna M 1
110 ## - ENTRADA PRINCIPAL--NOMBRE DE ENTIDAD CORPORATIVA
Nombre de la institución, jurisdicción como entrada principal Mesa Mesa Redonda sobre la Vida y la Obra del Mariscal Andrés Santa Cruz
9 (RLIN) 18358
245 ## - MENCIÓN DE TÍTULO
Título La vida y obra del Mariscal Andrés Santa Cruz :
260 ## - PUBLICACIÓN, DISTRIBUCIÓN, ETC.
Lugar de publicación, distribución, etc. La Paz :
Nombre de la editorial, distribuidor, etc. Casa Municipal de la Cultura "Franz Tamayo",
Fecha de publicación, distribución, etc. 1976.
300 ## - DESCRIPCIÓN FÍSICA
Nº de Páginas Extensión 3 tomos ;
Otros detalles físicos ilustraciones, retratos,
Dimensiones 23 cm.
440 ## - MENCIÓN DE SERIE/PUNTO DE ACCESO ADICIONAL--TÍTULO
Título Biblioteca paceña. Nueva serie
9 (RLIN) 4832
505 ## - NOTA DE CONTENIDO CON FORMATO
Nota de contenido formateada Contenido: t.1. La figura de Don Andrés Santa Cruz -- Estudios sobra la época del Mariscal Andres Santa Cruz t.2. La filosofía -- La historia -- La literatura -- La ciencia -- Los viajeros -- El periodismo -- La educación -- El arte. La arquitectura -- La pintura, escultura y artes menores --La música -- t.3: Administración y obra de Don Andrés Santa CruzGobierno del mariscal Andrés Santa Cruz (1829-1839) --Confederación Perú-Boliviana.
650 ## - PUNTO DE ACCESO ADICIONAL DE MATERIA--TÉRMINO DE MATERIA
Descriptor Biografía
9 (RLIN) 22
650 ## - PUNTO DE ACCESO ADICIONAL DE MATERIA--TÉRMINO DE MATERIA
Descriptor Bolivia
9 (RLIN) 1138
650 ## - PUNTO DE ACCESO ADICIONAL DE MATERIA--TÉRMINO DE MATERIA
Descriptor Presidentes
9 (RLIN) 1678
942 ## - ELEMENTOS DE PUNTO DE ACCESO ADICIONAL (KOHA)
Fuente de clasificación
Tipo de item Libros-BMC
945 ## - PROCESAMIENTO DE INFORMACIÓN LOCAL (OCLC)
Catalogador raen
Holdings
Estado de retiro (separado) Fuente de clasificación o esquema de estanterías Estado dañado Ubicación Sala donde se ubica Nombre de la colección Fecha de adquisición o compra Costo, precio normal en soles Signatura topográfica Código de Barras Última vez visto (Koha) Tipo de ítem (Koha)
No     Sala Humanidades Sala Humanidades Book Cart 2019-03-18 45.00 920 / M1 / t.1 SH0000006721 2019-03-18 Libros-BMC
No     Sala Humanidades Sala Humanidades Book Cart 2019-03-18 45.00 920 / M1 / t.2 SH0000006722 2019-03-18 Libros-BMC
No     Sala Humanidades Sala Humanidades Book Cart 2019-03-18 45.00 920 / M1 / t.3 SH0000007725 2019-03-18 Libros-BMC

Powered by Koha